London Calling - The Clash - Statistics

General Stats
  • This quiz has been taken 26 times
  • The average score is 12 of 19
Answer Stats
Answer % Correct
London Calling
100%
Lost in the Supermarket
81%
Spanish Bombs
76%
Jimmy Jazz
71%
Koka Kola
71%
The Guns of Brixton
71%
Brand New Cadillac
67%
Rudie Can't Fail
67%
Train in Vain (Stand by Me)
67%
Death or Glory
62%
Hateful
62%
Lover's Rock
62%
Revolution Rock
62%
The Card Cheat
62%
Clampdown
57%
The Right Profile
57%
Wrong 'Em Boyo
52%
Four Horsemen
48%
I'm Not Down
48%
No matching quizzes found
Score Distribution
Percent of People with Each Score
Percentile by Number Answered
Your Score History
You have not taken this quiz